000 00567nam a2200169 a 4500
001 000255912
003 AM-YeHGA
005 20250618071722.0
008 030822s1975 ai 000 | arm d
040 _aAM-YeHGA
100 1 _aԱռաքելյան, Վազգեն Գևորգի,
_d1941-
_91983
245 1 0 _aԱրթնացում :
_b[Բանաստեղծություններ] /
_cՎ.Գ. Առաքելյան.
260 _aԵրևան :
_bՀայաստան,
_c1975.
300 _a82 էջ ;
_c17 սմ.
650 1 4 _aՀայ գրականություն
_xՊոեզիա
090 _c93456
999 _c92157
_d92157